000 00591nam a2200229Ia 4500
005 20241129111200.0
008 241129s9999||||xx |||||||||||||| ||und||
020 _a978-1-5296-0576-7
037 _aTB
040 _aCRL
_beng
_cCRL
041 _aeng
_2eng
084 _aS1:4 R3
_qCRL
100 _aPilgrim David Au.
_9723561
245 0 _aKey concept in mental health
_cPilgrim David Au.
250 _a6t
260 _aLondon, UK
_bSage
_c2023
300 _axiii,285p.
365 _aUKP
_b26.99
650 _aPsychology
942 _cTB
_hS1:4 R3
999 _c1229293
_d1229293